| 000 | 00596nam a22002052 4500 | ||
|---|---|---|---|
| 001 | 0000019254 | ||
| 005 | 20151217154429.0 | ||
| 008 | 101022s xx 000 0 eng d | ||
| 020 | _a1405186681 : | ||
| 040 |
_aKABU _cKABU |
||
| 100 | 1 |
_aWardhaugh, Ronald. _@0000178924 |
|
| 245 | 1 | 3 |
_aAn Introduction to sociolinguistics / _cRonald Wardhaugh. |
| 250 | _a6th ed. | ||
| 260 |
_aOxford : _bWiley-Blackwell, _c2010. |
||
| 300 | _aviii, 450 p. | ||
| 650 | 0 |
_aSociolinguistics. _@0000167914 |
|
| 852 | 1 | _9p3250 KES | |
| 908 | _a101022 | ||
| 950 | _@1 | ||
| 999 |
_c11219 _d11219 |
||